Reinforced Concrete Design to Eurocodes / Design Theory and Examples: Fourth Edition (Record no. 8231)
[ view plain ]
| 000 -LEADER | |
|---|---|
| fixed length control field | 01364cam a22002294a 4500 |
| 005 - ΗΜΕΡΟΜΗΝΙΑ ΚΑΙ ΩΡΑ ΤΕΛΕΥΤΑΙΑΣ ΕΝΗΜΕΡΩΣΗΣ | |
| Πεδίο ελέγχου | 20250605164330.0 |
| 008 - FIXED-LENGTH DATA ELEMENTS--GENERAL INFORMATION | |
| Πεδίο ελέγχου σταθερού μήκους | 250528s ||||||||||||||||||||||||d |
| 035 ## - SYSTEM CONTROL NUMBER | |
| System control number | 23201 |
| 020 ## - ISBN | |
| ISBN | 9781466552524 |
| 040 ## - ΠΗΓΗ ΚΑΤΑΛΟΓΟΓΡΑΦΗΣΗΣ | |
| Φορέας πρωτότυπης καταλογογράφησης | MC Athens Campus Library |
| Γλώσσα καταλογογράφησης | Ελληνικά, Μοντέρνα (1453-) |
| Modifying agency | MC Athens Campus Library |
| Κανόνες περιγραφικής καταλογογράφησης | AACR2 |
| 245 1# - ΤΙΤΛΟΣ ΚΑΙ ΔΗΛΩΣΗ ΥΠΕΥΘΥΝΟΤΗΤΑΣ | |
| Τίτλος | Reinforced Concrete Design to Eurocodes / Design Theory and Examples: Fourth Edition |
| 250 ## - EDITION STATEMENT | |
| Edition statement | 4th |
| 260 ## - PUBLICATION, DISTRIBUTION, ETC. | |
| Name of publisher, distributor, etc. | Crc Press, |
| Date of publication, distribution, etc. | 2014 |
| 300 ## - PHYSICAL DESCRIPTION | |
| Extent | 854 |
| 520 ## - SUMMARY, ETC. | |
| Summary, etc. | This book presents the principles of the design of concrete elements and oof complete structures, with prctical illustrations of the theory. Preface, Introduction, Materials and Structural Failures and Durability, Limit State Design and Structural Analysis, Section Design for Moment, Shear and Bond and Torsion, Serviceability and Limit State Checks, Simply Supported Beams, Reinforced Concrete Slabs, Columns, Walls in Buildings, Foundations, Retaining Walls, Design of Statically Indeterminate Structures, Reinforced Concrete Framed Buildings, Tall buildings, Prestressed Concrete, Deflection and Cracking, A General Method of Design at Ultimate Limit State, Design of Structures Retaining Aqueous Liquids, U.K. National Annex, Additional Reference, Index. |
| 700 1# - ΠΡΟΣΘΕΤΗ ΑΝΑΓΡΑΦΗ--ΦΥΣΙΚΟ ΠΡΟΣΩΠΟ | |
| Personal name | Bhatt Prab |
| 9 (RLIN) | 8780 |
| 700 1# - ΠΡΟΣΘΕΤΗ ΑΝΑΓΡΑΦΗ--ΦΥΣΙΚΟ ΠΡΟΣΩΠΟ | |
| Personal name | Macginley Thomas J |
| 9 (RLIN) | 8781 |
| 700 1# - ΠΡΟΣΘΕΤΗ ΑΝΑΓΡΑΦΗ--ΦΥΣΙΚΟ ΠΡΟΣΩΠΟ | |
| Personal name | Seng Choo Ban |
| 9 (RLIN) | 8782 |
| 942 ## - ADDED ENTRY ELEMENTS (KOHA) | |
| Koha item type | Books |
| Τύπος τεκμηρίου | Βιβλιοθήκη | Τρέχουσα τοποθεσία | Barcode | Αριθμός εισαγωγής | Ημερομηνία απόκτησης | Ταξιθετικό σύμβολο | Αριθμός αντιτύπου | Κατάσταση απόσυρσης | Κατάσταση χαμένου | Κατάσταση κατεστραμμένου | Μη δανεισμός | Σύνολο δανεισμών | Ημερομηνία τελευταίας εμφάνισης | Η τιμή ισχύει από |
|---|---|---|---|---|---|---|---|---|---|---|---|---|---|---|
| Books | MC Athens Campus Library | MC Athens Campus Library | 9780000082305 | 7672 | 05/06/2025 | 624.1/8341 BHA | 1 | 05/06/2025 | 05/06/2025 |